书目信息 |
| 书名: | Moses in the promised land | |
| 作者: | R. Howard Bloch. | |
| 分册号: | ||
| 分册名: | 出版地: | Salt Lake City : |
|
| 出版社: | Peregrine Smith Books | |
| 出版时间: | 1988. | |
| 页数: | 208 p. ; | |
| 开本: | 26 cm. | |
| 丛书名: | ||
| 中图分类号: | ||
| 科图分类号: | ||
| 其他分类号: | B971 | |
| 主题词: | ||
| 电子资源: | ||
| 000 | 00725pam a2200241 a 450 | |
| 001 | E0756660841 | |
| 005 | 20070506154644.56 | |
| 008 | 871110s1988 utu 000 1 eng | |
| 010 | @a87032709 | |
| 020 | @a0879052163 (pbk.) :@c$10.95. | |
| 035 | @A(DLC) 87032709 | |
| 040 | @aDLC@cDLC@dDLC | |
| 050 | 00 | @aPS3552.L554@bM6 1988 |
| 082 | 00 | @a813/.54@2 19 |
| 090 | @aB971 | |
| 099 | @dB971@ex18 | |
| 100 | 1 | @aBloch, R. Howard. |
| 245 | 10 | @aMoses in the promised land / @cR. Howard Bloch. |
| 250 | @a1st ed. | |
| 260 | @aSalt Lake City :@bPeregrine Smith Books,@c1988. | |
| 300 | @a208 p. ;@c26 cm. | |
| 906 | @a7@bcbc@corignew@d1@eocip@f19@gy-gencatlg | |
| 991 | @bc-GenColl@hPS3552.L554@iM6 1988@p00003510748@tCopy 1@wBOOKS | |
| Moses in the promised land / / R. Howard Bloch.-1st ed.-Salt Lake City : : Peregrine Smith Books, , 1988. |
| 208 p. ; ; 26 cm. |
| ISBN 0879052163 (pbk.) :$10.95. |
| ● |
| 相关链接 |
|
|
|
|
正题名:Moses in the promised land
索取号:B971/x18
 
预约/预借
| 序号 | 登录号 | 条形码 | 馆藏地/架位号 | 状态 | 备注 |
| 1 | 7477 | 300074773 | 第二样本阅览室/ [索取号:B971/x18] | 在馆 |